000
00325nam a2200133Ia 4500
003
OSt
005
20240209150116.0
008
170524s9999 xx 000 0 und d
020
_a
978-8189757571
040
_c
IIMT UNIVERSITY MEERUT
100
_a
ARORA- LALIT
245
0
_a
OBJECT - ORIENTED SYSTEM WITH JAVA
942
_2
ddc
_c
02
999
_c
4351
_d
4351